[Event "GBR-ch 98th"]
[Site "Sheffield"]
[Date "2011.07.27"]
[Round "3"]
[White "Howell, David"]
[Black "Pert, Richard G"]
[Result "1-0"]
[WhiteElo "2625"]
[BlackElo "2459"]
[Annotator "Martin,A"]
[PlyCount "93"]
[EventDate "2011.07.24"]
[EventType "swiss"]
[EventRounds "11"]
[EventCountry "ENG"]
[SourceTitle "CBM 143 Extra"]
[Source "ChessBase"]
[SourceDate "2011.08.29"]
[SourceVersion "1"]
[SourceVersionDate "2011.08.29"]
[SourceQuality "1"]

1. e4 c5 2. Nf3 d6 3. Nc3 {An old move-order trick which may confuse the
Najdorf or Dragon specialist.} Nf6 ({Some moves are simply bad now:} 3... g6 $2
4. d4 cxd4 5. Qxd4 $1 Nf6 6. e5 Nc6 7. Bb5 dxe5 8. Qxd8+ Kxd8 9. Bxc6 bxc6 10.
Nxe5 $16) (3... a6 $6 4. g3 $1) 4. d4 ({Keres liked} 4. e5 dxe5 5. Nxe5) 4...
cxd4 5. Nxd4 g6 6. Be3 Bg7 7. f3 Nc6 8. Qd2 O-O {The parting of the ways,
where White can choose from 9.0-0-0, 9.Bc4 or 9.g4, all of which require Black
to respond accurately.} 9. O-O-O d5 10. exd5 Nxd5 11. Nxc6 bxc6 12. Bd4 Nxc3 $5
{From the games below one would think that this is a drawing weapon. Is the
Dragon really reduced to such methods?} 13. Qxc3 Bh6+ (13... Bxd4 14. Rxd4 Qb6
{is another way, but in all these lines, one gets the impression that Black
has slightly the worse of things without any winning chances whatseoever.} 15.
Bc4 c5 16. Rd2 Be6 17. Re1 Bxc4 18. Qxc4 Rab8 19. c3 Qc7 20. f4 Rfd8 21. Red1
Rxd2 22. Rxd2 e5 23. g3 Re8 24. Re2 Kg7 25. Qd5 f6 26. fxe5 Rxe5 27. Rxe5 fxe5
28. Qe6 c4 29. Kc2 Qc5 30. Qd7+ Kh6 31. Qd2+ Kh5 32. Qe2+ Kg5 33. b3 cxb3+ 34.
axb3 a5 35. Qf3 Kh6 36. h4 Kg7 37. Qb7+ Kf6 38. Qf3+ Ke6 39. Qg4+ Ke7 40. b4
Qf2+ 41. Kb3 Qf7+ 42. c4 axb4 43. Kxb4 Qf5 44. Qd1 Qe4 45. Qg1 Ke6 46. Qf2 h5
47. Kc3 Qc6 48. Qf8 Qd7 49. Qg8+ Kf5 50. Qd5 Qa7 51. Qf3+ Ke6 52. Qd5+ Kf6 53.
Qf3+ Ke7 54. Kb3 Qb6+ 55. Kc2 Qd4 56. Qb7+ Kf6 57. Qf3+ Kg7 58. Qd3 Qf2+ 59.
Kc3 Qe1+ 60. Kc2 Qf2+ 61. Kc3 Qa7 62. Qd6 Qa1+ 63. Kc2 Qa2+ 64. Kc3 Qa1+ 65.
Kc2 Qa2+ 66. Kc3 {1/2-1/2 Mencinger,V (2399)-Shengelia,D (2511)/Pula 2011}) 14.
Be3 Bxe3+ 15. Qxe3 Qb6 16. Qxe7 $1 {The only really critical move and now
Black must justify the pawn sacrifice.} Be6 17. Qa3 $1 (17. Bd3 Bc4 18. b4 Bd5
19. Rd2 {1/2-1/2 Saric,I (2637)-Cvitan,O (2498)/Stari Mikanovci 2011}) (17. Qf6
Rfd8 18. Bd3 Bxa2 19. Rhe1 Bd5 20. h4 c5 21. Qc3 Qb4 22. Qxb4 cxb4 23. Ba6 Be6
24. b3 Kf8 25. Kb2 Rxd1 26. Rxd1 Ke7 27. Rd4 Rb8 28. Bd3 Rb6 {1/2-1/2 Antipov,
M (2379)-Kargin,A (2400)/Budapest 2011/CB15_2011}) 17... Rad8 18. Bd3 Rd5 {
Black has activity and a slight lead in development to compensate him for the
pawn.} 19. Rhe1 (19. b3 {shuts off the white queen unnecessarily:} Rfd8 20.
Rde1 Rd4 21. Re5 R8d5 22. Rxd5 Rxd5 23. Re1 Qf2 $1 $132 {A queen sortie which
often crops up in this line.} 24. Re2 Qg1+ 25. Kd2 Qd4 26. g3 Rc5 27. b4 Rb5
28. Re4 Qf2+ 29. Re2 Qd4 30. Re4 Qf2+ 31. Re2 {1/2-1/2 Alekseev,E (2688)
-Lintchevski,D (2539)/Olginka 2011}) 19... Rfd8 $6 {Although played by Sedlak
in the game below, I think this is a mistaken and over-optimistic move. Black
must regain the pawn and hope that his disadvantage isn't too great:} (19...
Ra5 $1 20. Qc3 Rxa2 21. b3 Ra5 {Is this position so bad for Black?}) 20. Qc3 c5
(20... Rd4 21. Re5 R4d5 22. h4 (22. Rxd5 Rxd5 23. b3 $16) 22... Rxe5 23. Qxe5
Rd5 24. Qf4 Rd4 25. Qf6 $16 Rd5 26. Qf4 ({I really do not understand the
repetition as} 26. g4 Qe3+ 27. Kb1 c5 28. b3 {is clearly better for White.})
26... Rd4 27. Qf6 Rd5 28. Qf4 {1/2-1/2 Friedel,J (2531)-Sedlak,N (2580)/
Amsterdam 2011. Maybe a result which was mutually convenient for both players,
but it certainly gives a misleading view of the position.}) 21. Re5 (21. Be2 $1
) 21... Rxe5 (21... c4 22. Rxd5 Bxd5 23. Bxc4 Bxc4 24. Rxd8+ Qxd8 25. Qxc4 Qg5+
26. Kd1 Qxg2 27. Qf4 $16) 22. Qxe5 Bxa2 23. b3 {Forcing a sacrifice} Bxb3 24.
cxb3 Qxb3 25. Bc2 Qa3+ 26. Kb1 Qb4+ 27. Qb2 Rxd1+ 28. Bxd1 Qe1 {Can Black hold
this position? It seems unlikely.  Although it will take White quite some time
to organise his game and protect his king from checks, an eventual mop-up of
the black queenside is inevitable.} 29. Kc2 Qf2+ 30. Kc1 Qe3+ 31. Qd2 Qe5 (
31... Qa3+ 32. Kb1 $18) 32. f4 Qa1+ 33. Kc2 Qa4+ 34. Kb2 Qe4 35. Bf3 Qf5 36.
Qd8+ Kg7 37. Qd6 {Centralization increases the advantage.} Qc8 ({Let's check
the winning method after the exchange of queens:} 37... Qf6+ 38. Qxf6+ Kxf6 39.
Kc3 Kf5 40. g3 h5 41. Kc4 h4 42. Kxc5 hxg3 43. hxg3 g5 44. fxg5 Kxg5 45. Kb5 f5
46. Ka6 f4 47. g4 Kh4 48. Kxa7 Kg3 49. Bd1 $18) 38. Kc3 h6 39. Bd5 Qg4 40. Qc7
Qf5 41. Qe5+ Qf6 42. h4 g5 43. Qxf6+ Kxf6 44. fxg5+ hxg5 45. hxg5+ Kxg5 46. Kc4
f5 47. Kxc5 {Nice technique from David Howell towards the end.} 1-0

[Event "London Classic 2nd"]
[Site "London"]
[Date "2010.12.15"]
[Round "7"]
[White "Howell, David"]
[Black "McShane, Luke J"]
[Result "1/2-1/2"]
[WhiteElo "2611"]
[BlackElo "2645"]
[Annotator "McShane,L"]
[PlyCount "75"]
[EventDate "2010.12.06"]
[EventType "tourn"]
[EventRounds "7"]
[EventCountry "ENG"]
[EventCategory "19"]
[SourceTitle "CBM 140"]
[Source "ChessBase"]
[SourceDate "2011.01.18"]
[SourceVersion "1"]
[SourceVersionDate "2011.01.18"]
[SourceQuality "1"]

{Due to the tournament situation, this was a very important game for me. I
knew that a win would leave me with a reasonable chance of winning the
tournament (although as it turns out, it wouldn't have sufficed). That
explains my decision to take some risks and play the Dragon Sicilian. However,
since I had already played that against Nigel Short in the second round, it
can't have come as a complete surprise for David. In this game I got into
difficulties, although given our desperate time trouble there were still
winning chances for both sides near the time control.} 1. e4 c5 2. Nf3 d6 3. d4
cxd4 4. Nxd4 Nf6 5. Nc3 g6 6. Be3 Bg7 7. f3 O-O 8. Qd2 Nc6 9. O-O-O (9. Bc4 {
leads to the very sharpest lines of the Yugoslav Attack., but 9.0-0-0 is a
major alternative.}) 9... d5 10. exd5 Nxd5 11. Nxc6 bxc6 12. Bd4 Bxd4 13. Qxd4
{[%csl Ra7,Rc6][%cal Ya8b8,Yb8b1,Yh2h4,Yh4h5] White has a long-term structural
advantage in this position, so Black has to be careful in his handling of it.
Due to the weak Black queenside pawns, a queen exchange is normally in White's
favour, and the advance h2-h4-h5 is another important theme. However, Black
has his trumps as well. If White advances his pawns too fast on the kingside,
a queen exchange may lead to a balanced endgame with mutual weaknesses.
Another important source of counterplay lies on the queenside, where White's
king is more vulnerable than it looks (and c1 is not always an ideal square).}
Qb6 {This might seem to contradict my point about exchanging queens, but
capturing on b6 right now would improve Black's structure.} (13... Qc7 {
is a common alternative.}) 14. Na4 {Now White would be happy to see a queen
exchange on d4.} (14. Nxd5 cxd5 15. Qxd5 {is a risky pawn grab - Black enjoys
good compensation for the pawn after} Be6) 14... Qa5 (14... Qc7 {can also be
played immediately. However, there are some advantages for Black in drawing
the pawn to b3 first. The main one is that the dark squares around White's
king become more vulnerable so a check on a3 or even a1 becomes possible
sometimes.}) 15. b3 {This is essentially forced - the loose knight on a4 meant
that e7-e5 was a serious threat.} Qc7 16. h4 {A direct move.} (16. Bc4 {
is also natural.}) ({Leko has tried} 16. Re1 $5 {against Radjabov in 2009,
where White prepares to offer an exchange of queens on e5.}) 16... Bf5 $5 {
David said that he expected this, but} (16... h5 {was played in most of the
games which reached this position, as it is somewhat risky to allow White's
pawn to h5.}) 17. g4 {During the game I felt comfortable about allowing this
advance. My reasoning was that g4 probably adds little to the attack, while if
Black can now exchange queens then there will always be some counterplay
against f3.} Be6 {This didn't turn out well, but I was intending to play 19...
Qa5 which I later discovered was bad.} (17... e5 18. Qc5 (18. Qd2 $5 {also
makes sense}) 18... Be6 19. Bc4 Rad8 {looks better for White, but Black seems
better organised than in the game.}) 18. Nc5 Rad8 19. Bc4 (19. Nxe6 fxe6 {
[%csl Ra3,Rc3,Gd8,Gf8][%cal Yd8d1,Yf8f3] gives Black excellent counterplay in
spite of the shattered pawn structure.}) 19... Bc8 {Not a very happy choice.} (
19... Qa5 {is the move which I wanted to play. After some thought I decided
that it was probably bad, although perhaps for the wrong reasons.} 20. Nb7 {
this doesn't win an exchange, but it does force the queens off.} Qa3+ 21. Qb2
Qxb2+ 22. Kxb2 Rb8 23. Na5 {This is what I was worried about.} (23. Nc5 Ne3 $1
{is decent for Black}) (23. Ba6 $1 {[%csl Gc5][%cal Yb7c5] never occurred to
me but might be the best move.}) 23... Ne3 {Black has to try this tactic.
During the game it seemed White had a couple of ways to be better, but there
are some surprising twists:} (23... Rfc8 24. Nxc6 $1 {took me some time to
spot, but gives White a clear extra pawn}) 24. Bxe6 $5 (24. Rd4 {looked like a
safe edge to both players during the game, but the computer points out that} c5
$1 {gives Black decent play, e.g.} 25. Re4 Nxc4+ 26. Nxc4 Bd5 27. Rf4 f6 $132)
24... Nxd1+ 25. Rxd1 fxe6 26. Nxc6 Rb6 $1 {the best try, which I hadn't seen.}
(26... Rb7 27. Ne5 {must give White a nice edge}) 27. Ne5 (27. Nxe7+ {seems to
lead to a repetition:} Kf7 28. Rd7 Ke8 29. Rxa7 Rd6 {[%csl Re7][%cal Yd6d7]}
30. Nc8 Rc6 31. Ra8 Kf7 32. Ra7+ Ke8 $11) 27... Rd6 {and by challenging for
the d-file, Black may be alright.}) 20. h5 e5 (20... Qf4+ 21. Qxf4 Nxf4 22. h6
$1 {[%csl Gc4] is important. The h6-pawn combines with the bishop on c4 to
severely cramp Black's king.}) 21. Qf2 (21. Qd2 {[%cal Yd2h6] was more direct,
and the move which David was trying to make work. However, the stumbling block
was} Qe7 22. hxg6 Qxc5 $5 {and White can't do better than a draw here, e.g.}
23. Qh6 (23. gxf7+ Kh8 {seems to be alright as well}) 23... Qa3+ 24. Kd2 Qb4+
25. Kc1 Qa3+ $11) 21... Qe7 22. Ne4 $1 {This is the move which frightened me,
not fearing the check on a3.} g5 (22... Qa3+ 23. Kb1 Nb4 {looks tempting at
first, but then} 24. Nc3 $1 {just parries the threats and leaves Black's queen
and knight offside.}) (22... f5 {was playable, and we both looked at this.} 23.
gxf5 Bxf5 {is better for White but messy. However, I decided 'on principle'
that it wasn't a good idea to weaken my kingside in this fashion.} (23... gxf5
$5)) 23. h6 $1 {Another important move - if Black could play h7-h6 the
kingside structure would start to look quite steady.} Kh8 24. Qc5 {White is
doing well, but perhaps} (24. Rhe1 $5 {was a more flexible way to progress -
White keeps the option of exchanging queens on c5 later.}) 24... Qxc5 25. Nxc5
f5 {I considered it essential to get some counterplay} 26. gxf5 Rxf5 {[%csl
Re5,Rf3,Gf5,Rg5,Gh6,Rh8][%cal Yf5f3] Black is objectively worse, but the
position is becoming very sharp and it was harder for David to handle in his
time trouble.} 27. Rhe1 Rxf3 28. Rxe5 g4 {Pushing a pawn is an easy plan!} 29.
Ne4 {We both had to play on our instincts here, and David brings his knight
back to help control the g-pawn and create mating threats via g5.} (29. Bxd5
cxd5 30. Rdxd5 (30. Rexd5 Rg8 $13) 30... Rg8 {is very double edged. For example
} 31. Rg5 Rff8 $1 {[%csl Gg4][%cal Yg4g1]}) 29... Rdf8 30. Bxd5 cxd5 31. Ng5
R3f6 (31... Rf2 $1 {was stronger according to my computer, but I didn't think
about this much. When the bishop comes to f5, it protects h7 and
counterattacks c2.}) 32. Re7 Rg6 $2 {Objectively a serious error, but neither
of us found White's winning possibility.} (32... Rxh6 33. Nf7+ Rxf7 34. Rxf7
Be6 {was suggested in the commentary room after the game. I was disappointed
that I hadn't investigated this further during the game, as the h+g pawns
looked rather potent. But it looks like White is winning the race after all.}
35. Rxa7 Rg6 36. b4 g3 37. b5 g2 38. Rg1 {[%csl Gb5][%cal Yb5b8] and the
reinforcements on the h-file seem too slow.}) (32... Bf5 $1 {was essential,
with a very unclear position.}) 33. Rxd5 (33. Rxh7+ Kg8 34. Rg7+ Rxg7 35. hxg7
Rf5 $19 {[%csl Rg5] is one line showing the dangers here.}) 33... g3 {This
position is a good example of the skewed perspective that a computer can give.
With the right idea, White is absolutely winning, but it's not easy to see. If
you don't see the idea, then Black has the upper hand in practice!} (33... Kg8
34. Nxh7 $1 {wins.}) 34. Rf7 $2 (34. Rxh7+ Kg8 35. Rf7 $3 {[%csl Gg5,Rg8,Gh6]
[%cal Yd5d8] eluded both players.} Re8 {even here, the win isn't trivial in
desperate time trouble.} (35... Rxf7 36. Rd8+ Rf8 37. h7+ Kg7 38. Rxf8 $18) 36.
Re5 $1 Rd8 37. h7+ Kh8 38. Rf1 $18 {[%csl Rg3][%cal Yf1g1] and White is in
time to win the pawn.}) 34... Re8 $2 (34... Kg8 $1 {would have actually turned
the tables in my favour.} 35. Rf3 $1 {might hold the game though.} (35. Rxf8+
Kxf8 36. Nxh7+ Ke7 (36... Kf7 $2 37. Ng5+ $18) 37. Rg5 Kf7 $1 {seems to be
winning.} 38. Ra5 (38. Rxg6 Kxg6 39. Ng5 Bg4 $3 $19) 38... g2 39. Ng5+ Kf6 40.
Nf3 Bb7 41. Ng1 Rxh6 $19 {[%csl Gg2][%cal Yh6h1]}) 35... Bb7 36. Rxf8+ Kxf8 37.
Nxh7+ Ke7 38. Rg5 Rxh6 (38... Kf7 39. Rxg6 Kxg6 40. Ng5 $1 Kxg5 41. h7 g2 42.
h8=Q g1=Q+ 43. Kb2 $11) 39. Rxg3 Rxh7 $11 {this must be drawn.}) 35. Re5 (35.
Rxh7+ Kg8 36. Re7 $1 {was a chance to implement the same idea as before.})
35... Rd8 36. Rd5 Re8 37. Re5 Rd8 38. Rd5 {David had less than 20 seconds left
here. I was down to around 45 seconds before I claimed the draw by repetition.
It's a good thing for me that I did, as with more time I'm sure David (and I!)
would have discovered that the position is still winning for White.} (38. Rf3
$1 g2 39. Rg3 {wins due to a neat tactic:} Bh3 40. Nf7+ Kg8 41. Nxd8 Rxg3 42.
Re8# $1) 1/2-1/2

[Event "BEL-ch"]
[Site "Geel"]
[Date "1996.??.??"]
[Round "?"]
[White "Dutreeuw, Marc"]
[Black "Ahn, Martin"]
[Result "1-0"]
[WhiteElo "2390"]
[BlackElo "2320"]
[Annotator "Meulders,R"]
[PlyCount "121"]
[EventDate "1996.??.??"]
[EventType "tourn"]
[EventRounds "9"]
[EventCountry "BEL"]
[EventCategory "3"]
[SourceTitle "CBM 054"]
[Source "ChessBase"]
[SourceDate "1996.10.01"]
[SourceVersion "1"]
[SourceVersionDate "1996.10.01"]
[SourceQuality "1"]

1. e4 c5 2. Nf3 d6 3. d4 cxd4 4. Nxd4 Nf6 5. Nc3 g6 6. Be3 Bg7 7. f3 O-O 8. Qd2
Nc6 9. g4 Be6 10. O-O-O Ne5 {Dutreeuw meint dass nur 10...Sd4 spielbar ist.}
11. Kb1 {Agressiver is 11.h4.} Qa5 $6 {Hier wird normal 11...Tc8 oder 11.. .
Lc4 getan.} 12. Be2 $6 (12. Nd5 $1) 12... Nc4 13. Bxc4 Bxc4 14. Bh6 b5 15. Bxg7
Kxg7 16. g5 Nh5 17. b3 b4 $6 {Die nun folgende Abwicklung geht zugunsten von
Weiss aus.} 18. Nc6 Qc5 19. Nxe7 bxc3 20. Qxc3+ Qe5 21. Qxe5+ dxe5 22. bxc4
Rab8+ 23. Kc1 Rb4 {Weiss hat ein guenstiges Endspiel erreicht, aber die
folgende Ungenauigkeit gibt Schwarz Gegenspiel.} 24. c5 $2 (24. Nc6 $1 Rxc4 25.
Nxe5 Ra4 26. Rd7 $1 Rxa2 27. Rhd1 Rc8 28. R1d2 Ra1+ 29. Kb2 Ra5 30. R2d5 {
laesst Weiss am Ball.}) 24... Rc4 25. c6 Re8 26. Rd7 Kf8 27. Nd5 Rxc6 28. Rxa7
Rec8 29. Ne3 Rc3 30. Kd2 Nf4 31. Rb1 $4 {[#] Im beiderseitigen Zeitnot ein
peinliches Uebersehen, das unbestraft bleibt} (31. Rc1 $8 Ne6 32. h4 Nd4 33.
Rf1 Nxc2 34. Nd5 Ra3 (34... R3c5 35. Rb1 Nd4 36. Rbb7 $18) 35. Rxa3 Nxa3 36.
Rc1 $16) 31... Ng2 $4 {Schade!} (31... Rxe3 $1 32. Kxe3 (32. Rbb7 Re2+ 33. Kd1
Rcxc2 $1 34. Rxf7+ Ke8 35. Rfe7+ Kd8 36. Red7+ Kc8 37. Rd6 Rxa2 $19) 32... Rxc2
33. Re1 Ng2+ 34. Kd3 Nxe1+ $19) 32. Rb3 $1 Rxe3 33. Rxe3 Nxe3 34. Kxe3 Rxc2 35.
h4 Kg7 36. a4 Rc3+ 37. Kf2 Ra3 38. a5 h5 39. gxh6+ Kxh6 40. Rxf7 Rxa5 41. Kg3
Rb5 42. Kg4 Rb1 {Wenn Schwarz den turm auf die 5te Reihe laesst, kommt Td7/Td5
mit einfachen Gewinn.} 43. Re7 Rg1+ 44. Kh3 g5 45. Kh2 Ra1 46. hxg5+ (46. Rxe5
$1 gxh4 47. Kh3 Rh1+ 48. Kg4 Kg6 49. Rg5+ Kf6 50. Rh5 {ist noch ueberzeugender.
}) 46... Kxg5 47. Rxe5+ Kh4 48. Rf5 Ra2+ 49. Kg1 Kg3 50. Kf1 Rb2 51. Rf6 Ra2
52. Ke1 Rb2 53. e5 Kh4 54. e6 Rb6 55. f4 Kg3 56. Ke2 Rd6 57. Ke3 Rd1 58. Rg6+
Kh4 59. f5 Kh5 60. Rg2 Rd5 61. Kf4 1-0